Toate minereurile din Minecraft - Statistics

General Stats
  • This quiz has been taken 4 times
  • The average score is 7 of 11
Answer Stats
Minereuri % Correct
Aur
100%
Cărbune
100%
Cupru
100%
Diamant
100%
Fier
100%
Cuarţ
50%
Redstone
50%
Smarald
50%
Aur din Nether
0%
Lazurit
0%
Relicvă antică
0%
No matching quizzes found
Score Distribution
Percent of People with Each Score
Percentile by Number Answered
Your Score History
You have not taken this quiz